000 00631nab a2200181 4500
001 244442
003 OSt
005 20230731133044.0
007 tu
008 200917s2020|||||||
040 _aDE-2950
_cDE-2950
245 0 0 _aSorge um Polnischunterricht an Frankfurter Schulen
_cLisa Mahlke
_bBildung. Wird an der Grundschule in Booßen der Polnischunterricht gestrichen? Eltern sind besorgt, das Bildungsministerium beschwichtigt/
264 _c2023
653 _aFrankfurt (Oder)
653 _aPolnischunterricht
773 0 _g34. Jahrgang (2023) Nr. 176 vom 31.07.2023, S. 11, mit Foto
_tMärkische Oderzeitung
942 _2z
_cA
999 _c372663
_d372663